Czy rozpoznasz ssaki mieszkające w Polsce? - Statystyki

Ogólne statystyki
  • Ten quiz został rozwiązany 757 razy
  • Średni wynik to 21 z 28
Statystyki odpowiedzi
Obrazkowy Odpowiedź % Poprawnych
Jeż
100%
Wilk
100%
Foka
99%
Niedźwiedź
99%
Wiewiórka
99%
Bóbr
98%
Łoś
98%
Ryś
97%
Zając
97%
Kret
96%
Dzik
95%
Żubr
95%
Lis
94%
Nocek
94%
Królik
93%
Borsuk
84%
Szop pracz
77%
Wydra
73%
Łasica
68%
Daniel
66%
Kozica
58%
Świstak
57%
Żbik
49%
Morświn
31%
Nornica
29%
Jenot
24%
Suseł
23%
Smużka
2%
Nie znaleziono quizów pasujących do podanych kryteriów
Rozkład punktacji
Procent ludzi z każdym wynikiem
Percentyl według liczby udzielonych odpowiedzi
Twoja historia wyników
Nie rozwiązałeś tego quizu